Špecifiká účtovníctva a výkazníctva obcí v SR diplomová práca

Uložené v:
Podrobná bibliografia
Hlavný autor: Tirpáková, Beáta
Korporativný autor: Národohospodárska fakulta EU. Katedra financií
Ďalší autori: Šabíková, Ingrid
Médium: Kniha
Jazyk:Slovak
Vydavateľské údaje: Bratislava 2012
Tagy: Pridať tag
Žiadne tagy, Buďte prvý, kto otaguje tento záznam!

MARC

LEADER 00000nbm a2200000 4500
001 0152255
005 20161109102022.8
041 0 |a slo 
044 |a SK 
245 1 0 |a Špecifiká účtovníctva a výkazníctva obcí v SR  |b diplomová práca  |c Beáta Tirpáková ; školiteľ: Ingrid Šabíková 
264 1 |a Bratislava  |c 2012 
300 |a 64 s. 
100 1 |a Tirpáková, Beáta 
700 1 |a Šabíková, Ingrid 
710 2 |a Národohospodárska fakulta EU. Katedra financií